000 00394pab a2200157 454500
008 180718b2001 xxu||||| |||| 00| 0 eng d
100 _aArora, Balwinder
245 _aWomen's participation in forest conservation
260 _c2001
300 _ap.99-111.
362 _aApr
650 _aForest management
650 _aWomen
773 _aGuru Nanak Journal of Sociology
909 _a52677
999 _c52677
_d52677